| 000 | 00668 a2200205 4500 | ||
|---|---|---|---|
| 003 | OSt | ||
| 005 | 20180116182625.0 | ||
| 008 | 160426b xxu||||| |||| 00| 0 eng d | ||
| 020 | _a157039590X | ||
| 020 | _a9781570395901 | ||
| 040 | _c0 | ||
| 100 | _aEverday Learning Corp. | ||
| 245 | 0 | 0 | _aConnected geometry, teacher's guide. |
| 260 |
_a[S.l.] : _bEverday Learning Corp., _c2000. |
||
| 300 | _a1 v. (unpaged) | ||
| 500 | _aHardcover. | ||
| 856 | 4 | 0 |
_3Amazon.com _uhttp://www.amazon.com/exec/obidos/ASIN/157039590X/chopaconline-20 |
| 856 | 4 | 0 |
_3Amazon customer reviews _uhttp://www.chopac.org/cgi-bin/tools/azrev.pl?q=157039590X |
| 942 |
_aNBS _cBK _k519 LEA _2ddc |
||
| 999 |
_c342937 _d342937 |
||